Auge y caída de los templarios : 1118-1314 /

Spremljeno u:
Bibliografski detalji
Glavni autor: Demurger, Alain (autor)
Format: Knjiga
Jezik:španjolski
Izdano: México : Roca, 1993, c1986
Serija:(Enigmas del Cristianismo)
Teme:
Oznake: Dodaj oznaku
Bez oznaka, Budi prvi tko označuje ovaj zapis!

MARC

LEADER 00000nam^a2200000^a^4500
001 000099911
005 20250521000000.0
009 20260310093145.819
020 |a 968-21-0487-4 
037 |a Acervo ITESO - Biblioteca 
041 |a ESP 
082 |a 255. 7913  |b DEM 
100 |a Demurger, Alain  |e (autor) 
245 1 0 |a Auge y caída de los templarios :  |b 1118-1314 /  |c A. Demurger ; tr. por Fabían García-Prieto. 
264 4 |a México :  |b Roca,  |c 1993, c1986 
300 |a 345 p. 
336 |a texto  |b txt  |2 rdacontenido 
337 |a sin mediación  |b n  |2 rdamedio 
338 |a volumen  |b nc  |2 rdasoporte 
440 1 |a (Enigmas del Cristianismo) 
500 |a Traducción de: Vie et mort de l'ordre du Temple 
649 |a XX 
650 |a Templarios -  |x Historia -  |x Tema Principal 
650 |a Cruzadas -  |x Historia 
650 |a Ordenes Religiosas Militares 
650 |a Iglesia Católica -  |x Historia 
650 |a Cristianismo 
650 |a Religión 
650 |a Europa -  |x Historia -  |y 476-1492 
650 |a Edad Media -  |x Historia 
910 |a Fondo Jesús Rodríguez 
920 |a Impresos - Libros 
930 |a Fondos Especiales 
905 |a 113 
901 |a 0500035991  |b IT2  |c ESP  |u 20250521 
902 |a https://opac.biblio.iteso.mx/vufind/Record/000099911